000 00650nam a2200277Ia 4500
005 20260324142731.0
008 008 260324s9999 xx 000 0 eng d
020 _a9780429454929
037 _aEBOOK
040 _aCRL
040 _beng
040 _cCRL
041 _2eng
041 _aeng
084 _qCRL
100 _aLinda Lombardi
_91213044
245 0 _aLaryngeal Features and Laryngeal Neutralization
260 _bTaylor and Francis
260 _c1994
365 _a
365 _b120
856 _uhttp://www.taylorfrancis.com/books/9780429454929
942 _cEBOOK
999 _c1817574
_d1817574